Eastern Utah Libraries Catalog: Duchesne, Heber, Roosevelt, & Vernal

Children make terrible pets / (Record no. 72349)

MARC details
000 -LEADER
fixed length control field 01146pam a2200337 a 4500
001 - CONTROL NUMBER
control field BK0008826005
003 - CONTROL NUMBER IDENTIFIER
control field DLC
005 - DATE AND TIME OF LATEST TRANSACTION
control field 20241220125752.0
008 - FIXED-LENGTH DATA ELEMENTS--GENERAL INFORMATION
fixed length control field 100312s2010 nyua b 000 1 eng
010 ## - LIBRARY OF CONGRESS CONTROL NUMBER
LC control number 2010004982
020 ## - INTERNATIONAL STANDARD BOOK NUMBER
International Standard Book Number 9780316015486 : SAL
Terms of availability $16.99
020 ## - INTERNATIONAL STANDARD BOOK NUMBER
International Standard Book Number 0316015482 : SAL
Terms of availability $16.99
037 ## - SOURCE OF ACQUISITION
Source of stock number/acquisition Little Brown & Co, 3 Center Plaza 3rd Floor, Boston, MA, USA, 02108-2003
Note SAN 200-2205
040 ## - CATALOGING SOURCE
Original cataloging agency DLC
Transcribing agency DLC
Modifying agency GCmBT
050 00 - LIBRARY OF CONGRESS CALL NUMBER
Classification number PZ7.B81668
Item number Ch 2010
082 00 - DEWEY DECIMAL CLASSIFICATION NUMBER
Classification number [E]
Edition number 22
092 ## - LOCALLY ASSIGNED DEWEY CALL NUMBER (OCLC)
Classification number E
092 ## - LOCALLY ASSIGNED DEWEY CALL NUMBER (OCLC)
Classification number BROWN
100 1# - MAIN ENTRY--PERSONAL NAME
Personal name Brown, Peter,
Dates associated with a name 1979-
9 (RLIN) 5810277
245 10 - TITLE STATEMENT
Title Children make terrible pets /
Statement of responsibility, etc Peter Brown.
250 ## - EDITION STATEMENT
Edition statement 1st ed.
260 ## - PUBLICATION, DISTRIBUTION, ETC. (IMPRINT)
Place of publication, distribution, etc New York :
Name of publisher, distributor, etc Little, Brown,
Date of publication, distribution, etc 2010.
300 ## - PHYSICAL DESCRIPTION
Extent 1 v. (unpaged) :
Other physical details col. ill. ;
Dimensions 29 cm.
520 ## - SUMMARY, ETC.
Summary, etc When Lucy, a young bear, discovers a boy lost in the woods, she asks her mother if she can have him as a pet, only to find him impossible to train.
650 #1 - SUBJECT ADDED ENTRY--TOPICAL TERM
Topical term or geographic name as entry element Pets
Form subdivision Fiction.
9 (RLIN) 5674711
650 #1 - SUBJECT ADDED ENTRY--TOPICAL TERM
Topical term or geographic name as entry element Bears
Form subdivision Fiction.
9 (RLIN) 5674592
650 #1 - SUBJECT ADDED ENTRY--TOPICAL TERM
Topical term or geographic name as entry element Lost children
Form subdivision Fiction.
9 (RLIN) 5705909
650 #1 - SUBJECT ADDED ENTRY--TOPICAL TERM
Topical term or geographic name as entry element Humorous stories.
9 (RLIN) 6213276
942 ## - ADDED ENTRY ELEMENTS (KOHA)
Koha item type BOOK
998 ## - LOCAL CONTROL INFORMATION (RLIN)
-- a137861
Holdings
Withdrawn status Lost status Source of classification or shelving scheme Damaged status Not for loan Collection code Home library Current library Shelving location Date acquired Source of acquisition Cost, normal purchase price Total Checkouts Total Renewals Full call number Barcode Date last seen Date checked out Cost, replacement price Price effective from Koha item type
    Dewey Decimal Classification     Children Picture Books Wasatch County Library Wasatch County Library Main Floor Childrens Area 08/03/2016 Amazon 17.99 70 17 E Bro 34301001339862 03/03/2026 02/17/2026 17.99 03/20/2020 BOOK
This project was made possible through a grant from the Institute of Museum and Library Service administered by the Utah State Library Division.

Wasatch County Library

  • 465 East 1200 South, Heber City, Utah 84032
  • Phone 435-654-1511 | Fax 435-654-6456

Hours

  • Monday - Friday 9:30 AM - 8:00 PM
  • Saturday 9:30 AM - 1:30 PM
  • Closed Sundays and Holidays